| 000 | 00653nam a2200217 4500 | ||
|---|---|---|---|
| 001 | 45649 | ||
| 010 | _a9789897227554 | ||
| 021 |
_aPT _b482808/21 |
||
| 090 | _a45649 | ||
| 100 | _a20220321d2021 m y0pory50030103ba | ||
| 102 | _aPT | ||
| 200 | 1 |
_aO mais belo fim do mundo _fJosé Eduardo Agualusa |
|
| 205 | _a1 ed | ||
| 210 | 9 |
_aLisboa _cQuetzal, _d2021 |
|
| 215 |
_a431 [7] p. _d24 cm |
||
| 225 | 2 | _aObras José Eduardo Agualusa | |
| 675 |
_a821.134.3(673)-9 _vBN _zpor |
||
| 700 | 1 |
_aAgualusa, _bJosé Eduardo, _f1960- |
|
| 801 | 0 |
_aPT _bBN _gRPC |
|
| 856 | 4 | 1 | _uhttp://rnod.bnportugal.gov.pt/ImagesBN/winlibimg.aspx?skey=&doc=2095469&img=163002&save=true |
| 990 | _cLIVROS | ||